00549 a2200181 450000500170000002000180001705000200003510000290005524500720008426400430015630000140019933600260021333700280023933800270026750000190029465000220031365000320033520250206081210.0 a9781843346135 aZ 675bSEM 2011 aSemertzaki , Evaeauthor aSpecial libraries as knowledge management centres /cEva,Semertzaki aNew Delhin :bOxford Cambridge ,c2011 a314 pages 2rdacontentatextbtxt 2rdamediaaunmediatedbn 2rdacarrieravolumebnc aincludes index aspecial libraries aknowledge mnagement centres